Expanding tactics for listening: Teacher's book More listening. More testing. More effective
This third level of a three-level series that gives intermediate students who have studied English previously extensive practice in understanding everyday conversational language. There are 24 unit lessons accompanied by tactics for testing materials to assist students with the listening sections of...
Tallennettuna:
| Päätekijä: | |
|---|---|
| Muut tekijät: | |
| Aineistotyyppi: | Kirja |
| Kieli: | Vietnamese |
| Julkaistu: |
Oxford New York
Oxford University Press
2011
|
| Painos: | 3rd ed. |
| Aiheet: | |
| Tagit: |
Lisää tagi
Ei tageja, Lisää ensimmäinen tagi!
|
| Thư viện lưu trữ: | Thư viện Trường Đại học Nam Cần Thơ |
|---|
| LEADER | 01169nam a22002177a 4500 | ||
|---|---|---|---|
| 001 | NCT_146489 | ||
| 008 | 230401b xxu||||| |||| 00| 0 vie d | ||
| 999 | |c 7545 |d 7545 | ||
| 020 | |c 72000 | ||
| 082 | 0 | 4 | |2 23rd ed. |a 428.34 |b R516 |
| 100 | 1 | |a Richards, Jack C. | |
| 245 | 1 | 0 | |a Expanding tactics for listening: |b Teacher's book More listening. More testing. More effective |c Jack C. Richards, Grant Trew |
| 250 | |a 3rd ed. | ||
| 260 | |a Oxford New York |b Oxford University Press |c 2011 | ||
| 300 | |a 83 p. |c 27 cm | ||
| 520 | 3 | |a This third level of a three-level series that gives intermediate students who have studied English previously extensive practice in understanding everyday conversational language. There are 24 unit lessons accompanied by tactics for testing materials to assist students with the listening sections of the TOEIC test, the TOEFL test, IELTS, and other exams. | |
| 653 | |a Ngôn ngữ Anh | ||
| 700 | 1 | |a Trew, Grant | |
| 942 | |2 ddc |c BK | ||
| 952 | |0 0 |1 0 |2 ddc |4 0 |6 428_340000000000000_R516 |7 0 |9 27170 |a 000001 |b 000001 |d 2023-04-01 |o 428.34 R516 |p MD.21231 |r 2023-04-01 |v 72000.00 |w 2023-04-01 |y BK | ||
| 980 | |a Thư viện Trường Đại học Nam Cần Thơ | ||